00259nam a2200097 a 450000500170000000800410001705000220005810000190008024500520009926000100015120141022142002.0120307s19uu xx 00 eng d aCD-ROMbC622 200? aClayton, Bruce aBasic pharmacology for nurses /cBruce Clayton. c200?.